[Event "22nd ch-EUR Indiv 2022"]
[Site "Terme Catez SLO"]
[Date "2022.04.06"]
[Round "11.53"]
[White "Beliavsky, Alexander G"]
[Black "Rozen, Eytan"]
[Result "1/2-1/2"]
[WhiteTitle "GM"]
[BlackTitle "IM"]
[WhiteElo "2518"]
[BlackElo "2398"]
[WhiteFideId "14602377"]
[BlackFideId "2816750"]
[EventDate "2022.03.27"]

1. d4 d5 2. c4 c6 3. Nf3 Nf6 4. g3 g6 5. Bg2 Bg7 6. O-O O-O 7. cxd5 cxd5 8. Nc3
Nc6 9. Ne5 Bf5 10. e3 Qc7 11. f4 e6 12. g4 Nxe5 13. gxf5 Nc4 14. fxe6 fxe6 15.
Qe2 Rac8 16. Rb1 Rfe8 17. Bd2 Qb6 18. Na4 Qc6 19. Nc5 b6 20. Nd3 Nxd2 21. Qxd2
Qc2 22. Qxc2 Rxc2 23. Bh3 Ne4 24. Rbc1 Re2 25. Rfe1 Rd2 26. Red1 Re2 27. Re1 Rd2
28. Red1 1/2-1/2

[Event "22nd ch-EUR Indiv 2022"]
[Site "Terme Catez SLO"]
[Date "2022.04.06"]
[Round "11.54"]
[White "Ibrahimli, Murad"]
[Black "Nasuta, Grzegorz"]
[Result "1/2-1/2"]
[WhiteTitle "IM"]
[BlackTitle "GM"]
[WhiteElo "2432"]
[BlackElo "2518"]
[WhiteFideId "13410229"]
[BlackFideId "1141686"]
[EventDate "2022.03.27"]

1. d4 d5 2. Nf3 Nf6 3. c4 c6 4. e3 Bf5 5. Nc3 e6 6. Nh4 Be4 7. f3 Bg6 8. Qb3 Qc7
9. Bd2 Be7 10. O-O-O dxc4 11. Qxc4 a6 12. Nxg6 b5 13. Qe2 hxg6 14. g4 c5 15. Kb1
cxd4 16. exd4 Nc6 17. g5 b4 18. gxf6 bxc3 19. Bxc3 Bxf6 20. f4 Ne7 21. Bg2 Rb8
22. Ka1 Qd6 23. d5 Bxc3 24. bxc3 exd5 25. Bxd5 Qa3 26. Rd3 O-O 27. c4 Qc5 28.
Qe3 Qxe3 29. Rxe3 Nxd5 30. cxd5 Rfd8 31. Rd1 Rd6 32. Rb3 Rbd8 33. Rbd3 Kf8 34.
Kb2 Ke7 35. Kc3 Rb6 36. Rd4 Kd6 37. Rc4 Rh8 38. Rd2 Rh3+ 39. Kd4 Rh4 40. Ke3
Rh3+ 41. Kd4 Rh4 42. Ke3 a5 43. Kf3 Rh3+ 44. Kg2 Rh5 45. Rc8 Rb5 46. Rc6+ Kd7
47. Ra6 Rhxd5 48. Ra7+ Ke6 49. Re2+ Kf6 50. Ree7 Rd2+ 1/2-1/2

[Event "22nd ch-EUR Indiv 2022"]
[Site "Terme Catez SLO"]
[Date "2022.04.06"]
[Round "11.55"]
[White "Buksa, Nataliya"]
[Black "Noe, Christopher"]
[Result "1/2-1/2"]
[WhiteTitle "IM"]
[BlackTitle "IM"]
[WhiteElo "2401"]
[BlackElo "2515"]
[WhiteFideId "14123622"]
[BlackFideId "24692018"]
[EventDate "2022.03.27"]

1. e4 c6 2. Nc3 d5 3. Nf3 Bg4 4. h3 Bxf3 5. Qxf3 e6 6. g3 Nf6 7. Bg2 Nbd7 8. d4
Bb4 9. O-O Bxc3 10. Qxc3 Nxe4 11. Bxe4 dxe4 12. Re1 Nf6 13. Bg5 Qd5 14. Qe3 Nd7
15. Bf4 f5 16. f3 Nf6 17. Be5 O-O 18. Bxf6 Rxf6 19. fxe4 fxe4 20. Qxe4 Qb5 21.
b3 Raf8 22. Re2 Qh5 23. Kg2 Qf3+ 24. Qxf3 Rxf3 25. Rae1 Rc3 26. Rxe6 Rxc2+ 27.
R1e2 Rxe2+ 28. Rxe2 Kf7 29. Kf3 Rd8 30. Re4 Rd6 31. Rh4 h6 32. Re4 Rf6+ 33. Ke3
Rf1 34. Rf4+ Rxf4 35. Kxf4 Ke6 36. Ke4 a5 37. h4 h5 38. Kf4 Kf6 1/2-1/2

[Event "22nd ch-EUR Indiv 2022"]
[Site "Terme Catez SLO"]
[Date "2022.04.06"]
[Round "11.56"]
[White "Druska, Juraj"]
[Black "Pasti, Aron"]
[Result "1/2-1/2"]
[WhiteTitle "IM"]
[BlackTitle "FM"]
[WhiteElo "2503"]
[BlackElo "2398"]
[WhiteFideId "14915650"]
[BlackFideId "785857"]
[EventDate "2022.03.27"]

1. c4 e5 2. Nc3 Nf6 3. Nf3 Nc6 4. e3 Bb4 5. Qc2 Bxc3 6. Qxc3 d6 7. d4 O-O 8. Be2
Ne4 9. Qb3 f5 10. d5 Ne7 11. Nd2 Ng6 12. Qc2 Nf6 13. g3 f4 14. exf4 exf4 15. O-O
Bh3 16. Re1 fxg3 17. hxg3 Qe7 18. Nf3 Qd7 19. Be3 Ng4 20. Bd4 c5 21. Bc3 Rf5 22.
Rad1 Raf8 23. Rd3 Qf7 24. Bd1 h5 25. Qe2 N6e5 26. Bxe5 dxe5 27. d6 h4 28. d7
hxg3 29. fxg3 Rd8 30. Qe4 Rxd7 31. Rxd7 Qxd7 32. Nh4 Rg5 33. Qd5+ Qxd5 34. cxd5
Kf8 35. Bc2 Kf7 36. Bf5 g6 37. Be6+ Ke7 38. Nf3 Rh5 39. Bxg4 Bxg4 40. Nxe5 Bc8
41. Nxg6+ Kd6 42. Nf4 Re5 43. Kf2 Rxe1 44. Kxe1 c4 45. Kd2 b5 46. Ke3 Ke5 47.
Ng6+ Kf6 48. Nh4 Ke5 49. d6 b4 50. Ng6+ Kxd6 51. Kd4 Be6 52. Nf4 c3 53. bxc3
bxc3 54. Kxc3 1/2-1/2

[Event "22nd ch-EUR Indiv 2022"]
[Site "Terme Catez SLO"]
[Date "2022.04.06"]
[Round "11.57"]
[White "Wieczorek, Oskar"]
[Black "Lutsko, Artem"]
[Result "1/2-1/2"]
[WhiteTitle "GM"]
[WhiteElo "2500"]
[BlackElo "2390"]
[WhiteFideId "1133950"]
[BlackFideId "14188767"]
[EventDate "2022.03.27"]

1. e4 c5 2. Nf3 e6 3. d4 cxd4 4. Nxd4 a6 5. c4 Nf6 6. Nc3 Bb4 7. Qd3 d5 8. exd5
exd5 9. Be2 O-O 10. O-O Re8 11. Bf3 Bxc3 12. Qxc3 dxc4 13. Qxc4 Nbd7 14. Bf4 Ne5
15. Bxe5 Rxe5 16. Rfe1 Qd6 17. h3 Rxe1+ 18. Rxe1 Bd7 19. Rc1 Rb8 20. Qc7 Qxc7
21. Rxc7 Bc8 22. g4 Kf8 23. Kg2 Ne8 24. Rc3 Bd7 25. Kg3 Nd6 26. Rc7 Ke8 27. Kf4
Rc8 28. Rxc8+ Bxc8 29. h4 h6 30. Bd5 Ke7 31. b4 Bd7 32. f3 Kf6 33. g5+ hxg5+ 34.
hxg5+ Ke7 35. Bb3 f6 36. Bd5 b6 37. Bb3 1/2-1/2

[Event "22nd ch-EUR Indiv 2022"]
[Site "Terme Catez SLO"]
[Date "2022.04.06"]
[Round "11.58"]
[White "Demuth, Adrien"]
[Black "Kalogeris, Ioannis"]
[Result "1/2-1/2"]
[WhiteTitle "GM"]
[BlackTitle "FM"]
[WhiteElo "2496"]
[BlackElo "2368"]
[WhiteFideId "642274"]
[BlackFideId "4239563"]
[EventDate "2022.03.27"]

1. Nf3 d5 2. g3 Nd7 3. d4 Ngf6 4. Bg2 Nb6 5. a4 a5 6. Nc3 Bf5 7. Nh4 Bg4 8. h3
Bh5 9. g4 Bg6 10. Nxg6 hxg6 11. g5 Nh5 12. e4 e6 13. exd5 exd5 14. O-O f5 15.
gxf6 gxf6 16. Qd3 1/2-1/2

[Event "22nd ch-EUR Indiv 2022"]
[Site "Terme Catez SLO"]
[Date "2022.04.06"]
[Round "11.59"]
[White "Maurizzi, Marc'Andria"]
[Black "Wachinger, Nikolas"]
[Result "1/2-1/2"]
[WhiteTitle "GM"]
[WhiteElo "2493"]
[BlackElo "2376"]
[WhiteFideId "36083534"]
[BlackFideId "12962791"]
[EventDate "2022.03.27"]

1. e4 c5 2. Nf3 d6 3. Bb5+ Nd7 4. d4 cxd4 5. Nxd4 Nf6 6. O-O e5 7. Nf5 a6 8. Ba4
Nxe4 9. c4 Rb8 10. Re1 b5 11. Bc2 Ndf6 12. Qf3 1/2-1/2

[Event "22nd ch-EUR Indiv 2022"]
[Site "Terme Catez SLO"]
[Date "2022.04.06"]
[Round "11.60"]
[White "Milikow, Elie"]
[Black "Ioannidis, Evgenios"]
[Result "0-1"]
[WhiteTitle "CM"]
[BlackTitle "IM"]
[WhiteElo "2256"]
[BlackElo "2481"]
[WhiteFideId "371281868"]
[BlackFideId "4229274"]
[EventDate "2022.03.27"]

1. e4 c5 2. Nf3 d6 3. d4 cxd4 4. Nxd4 Nf6 5. Nc3 a6 6. f3 e5 7. Nb3 Be6 8. Be3
Be7 9. Qd2 h5 10. Be2 Nbd7 11. Nd5 Bxd5 12. exd5 Qc7 13. Na5 e4 14. f4 Ng4 15.
Bd4 Bh4+ 16. g3 Bf6 17. Nc4 O-O 18. c3 Nc5 19. O-O Nd3 20. Bxf6 Nxf6 21. Bxd3
exd3 22. Qxd3 Rac8 23. Ne3 Qb6 24. Qd4 Qxb2 25. Nf5 Rfe8 26. Rfe1 Re4 27. Qf2
Qxc3 28. Nxd6 Rxe1+ 29. Rxe1 Ng4 30. Ne4 Nxf2 31. Nxc3 Nd3 32. Re3 Rxc3 33. d6
Rc1+ 34. Kg2 Nb4 35. d7 Nc6 36. d8=Q+ Nxd8 37. Re8+ Kh7 38. Rxd8 Rc2+ 39. Kh3
Rxa2 40. Rd7 b5 41. Rxf7 b4 42. Rb7 a5 43. Rb5 Kg6 44. Rb6+ Kf5 45. Rb5+ Ke4 46.
Rxh5 b3 47. Rb5 a4 48. Kg4 b2 49. f5 a3 0-1

[Event "22nd ch-EUR Indiv 2022"]
[Site "Terme Catez SLO"]
[Date "2022.04.06"]
[Round "11.63"]
[White "Subelj, Jan"]
[Black "Bethke, Richard"]
[Result "1-0"]
[WhiteTitle "IM"]
[BlackTitle "FM"]
[WhiteElo "2468"]
[BlackElo "2327"]
[WhiteFideId "14618583"]
[BlackFideId "12959243"]
[EventDate "2022.03.27"]

1. e4 c5 2. Nf3 d6 3. d4 cxd4 4. Nxd4 Nf6 5. Nc3 a6 6. Be2 e5 7. Nb3 Be7 8. Be3
Be6 9. Nd5 Nbd7 10. Qd3 O-O 11. O-O b6 12. c4 Bxd5 13. cxd5 Nc5 14. Nxc5 bxc5
15. Qc2 Qd7 16. a4 Rfb8 17. Bd2 Qb7 18. Rab1 Qb3 19. Qxb3 Rxb3 20. f3 Bd8 21.
Rfc1 Nd7 22. Bc4 Rbb8 23. a5 Kf8 24. g3 Ke7 25. b3 g6 26. Kg2 Rb7 27. Rf1 f6 28.
f4 Bc7 29. f5 Kf7 30. h4 Kg7 31. g4 Bd8 32. g5 Be7 33. Rf3 Rba7 34. Rbf1 Rf8 35.
Kf2 Bd8 36. Ke2 Nb8 37. Rg1 fxg5 38. hxg5 Raf7 39. Rgf1 Kg8 40. Kd3 Rg7 41. f6
Rb7 42. Kc2 Rff7 43. Rh1 h5 44. Bf1 Rfc7 45. Bh3 Kh8 46. Rhf1 Kg8 47. Be6+ Kf8
48. Rb1 Rb5 49. Bh3 Rbb7 50. Rc3 Nd7 51. Rc4 Ra7 52. Bf1 Kf7 53. Kb2 Rcb7 54.
Rcc1 Rc7 55. Ka3 Rc8 56. Ka4 Rb8 57. Bh3 Nf8 58. b4 Rab7 59. Bf1 cxb4 60. Rxb4
Nd7 61. Rxb7 Rxb7 62. Bb4 Nc5+ 63. Bxc5 dxc5 64. Rxc5 Rb1 65. Bh3 Ra1+ 66. Kb3
Rb1+ 67. Ka2 Rb8 68. Be6+ Ke8 69. d6 1-0

[Event "22nd ch-EUR Indiv 2022"]
[Site "Terme Catez SLO"]
[Date "2022.04.06"]
[Round "11.65"]
[White "Ivanisevic, Ivan"]
[Black "Kochavi, Ori"]
[Result "1-0"]
[WhiteTitle "GM"]
[BlackTitle "FM"]
[WhiteElo "2601"]
[BlackElo "2253"]
[WhiteFideId "912417"]
[BlackFideId "2816873"]
[EventDate "2022.03.27"]

1. d4 Nf6 2. c4 e6 3. g3 d5 4. Bg2 Bb4+ 5. Nd2 O-O 6. Nf3 b6 7. O-O Bb7 8. b3 a5
9. Bb2 Nbd7 10. Rc1 a4 11. a3 Bxd2 12. Nxd2 axb3 13. cxd5 exd5 14. Qxb3 Re8 15.
Rfe1 Ra7 16. Nb1 Ne4 17. Nc3 Nxc3 18. Qxc3 Ba8 19. e3 Nf6 20. f3 Re7 21. Bf1 Bb7
22. Bd3 Qd7 23. Qb4 Ra8 24. Bb5 c6 25. Bf1 b5 26. Qd2 Ne8 27. Bc3 Nd6 28. Bb4
Ree8 29. Qc3 f5 30. Bh3 g6 31. Qc5 Re6 32. Ra1 h5 33. Ra2 g5 34. Bf1 g4 35. Rf2
gxf3 36. Rxf3 Ne4 37. Qc2 Rf6 38. Rf4 Re8 39. Bd3 Bc8 40. Ref1 Qg7 41. Rh4 Qg5
42. Rf3 Rg6 43. Kh1 Kh7 44. Qe2 Kh6 45. Rff4 Bd7 46. Qf3 Rf6 47. Be2 Qg4 48.
Rhxg4 hxg4 49. Qf1 Kg7 50. Bd3 1-0

[Event "22nd ch-EUR Indiv 2022"]
[Site "Terme Catez SLO"]
[Date "2022.04.06"]
[Round "11.66"]
[White "Pultinevicius, Paulius"]
[Black "Spalir, Jernej"]
[Result "1-0"]
[WhiteTitle "GM"]
[BlackTitle "IM"]
[WhiteElo "2546"]
[BlackElo "2373"]
[WhiteFideId "12809390"]
[BlackFideId "14606518"]
[EventDate "2022.03.27"]

1. b3 d5 2. Bb2 Nf6 3. Nf3 Bf5 4. g3 e6 5. Bg2 Bd6 6. O-O h6 7. d3 O-O 8. Nbd2
Bh7 9. a3 Nbd7 10. Re1 c5 11. e4 Be7 12. Qe2 d4 13. c3 dxc3 14. Bxc3 Nb8 15.
Red1 Nc6 16. Nc4 Rc8 17. Qb2 Qc7 18. b4 b5 19. Nce5 a6 20. Rac1 Nxe5 21. Nxe5
cxb4 22. axb4 Qb7 23. f3 Rfd8 24. d4 Nd7 25. Nd3 Nb6 26. Nc5 Bxc5 27. dxc5 Nc4
28. Qe2 Qe7 29. f4 Bg6 30. h4 f6 31. e5 fxe5 32. fxe5 a5 33. Kh2 axb4 34. Bxb4
Be8 35. Rd6 Qf7 36. Rf1 Qa7 37. Bh3 Bf7 38. Rxf7 Kxf7 39. Bxe6+ Ke7 40. c6 Ra8
41. Rd7+ Kxe6 42. Qg4+ 1-0

[Event "22nd ch-EUR Indiv 2022"]
[Site "Terme Catez SLO"]
[Date "2022.04.06"]
[Round "11.67"]
[White "Gumularz, Szymon"]
[Black "Pasztor, Balazs"]
[Result "1-0"]
[WhiteTitle "GM"]
[BlackTitle "FM"]
[WhiteElo "2539"]
[BlackElo "2338"]
[WhiteFideId "1188062"]
[BlackFideId "774723"]
[EventDate "2022.03.27"]

1. c4 e6 2. Nc3 d5 3. d4 Nf6 4. cxd5 exd5 5. Bg5 Be7 6. e3 O-O 7. Bd3 h6 8. Bh4
Re8 9. Nge2 c6 10. Qc2 Nbd7 11. O-O Ne4 12. Bxe7 Qxe7 13. Rae1 Ndf6 14. f3 Nxc3
15. Nxc3 Be6 16. Qf2 Rad8 17. g4 c5 18. h4 cxd4 19. exd4 Qd6 20. Re5 Nd7 21. Re3
Nb8 22. Bb1 Nc6 23. Rd1 Bd7 24. Rxe8+ Rxe8 25. Kg2 g6 26. Qg3 Qb4 27. Rd2 Be6
28. h5 gxh5 29. Qf4 Qf8 30. gxh5 f5 31. Kh1 Ne7 32. Qh4 Kh7 33. Ne2 Qg7 34. Nf4
Rg8 35. Rg2 Qf7 36. Re2 Qg7 37. Qe1 Qg5 38. Rxe6 Nc6 39. Ng6 Qxh5+ 40. Nh4 Rg5
41. f4 Nxd4 42. fxg5 hxg5 43. Rd6 1-0

[Event "22nd ch-EUR Indiv 2022"]
[Site "Terme Catez SLO"]
[Date "2022.04.06"]
[Round "11.68"]
[White "Lenaerts, Lennert"]
[Black "Kulaots, Kaido"]
[Result "0-1"]
[WhiteTitle "FM"]
[BlackTitle "GM"]
[WhiteElo "2361"]
[BlackElo "2527"]
[WhiteFideId "211435"]
[BlackFideId "4500261"]
[EventDate "2022.03.27"]

1. e4 c5 2. Nf3 e6 3. g3 Nc6 4. Bg2 Nf6 5. Qe2 Be7 6. e5 Ng4 7. d3 f6 8. exf6
Bxf6 9. h3 Nh6 10. g4 Nf7 11. g5 Be7 12. h4 O-O 13. Bf4 Nd6 14. Qd2 Nf5 15. c3
d5 16. Na3 Bd7 17. Nc2 Qe8 18. h5 e5 19. Bxe5 Nxe5 20. Nxe5 Bd6 21. Bxd5+ Kh8
22. f4 Bxe5 23. fxe5 Qxe5+ 24. Be4 Qg3+ 25. Qf2 Qxf2+ 26. Kxf2 Nd4+ 0-1

[Event "22nd ch-EUR Indiv 2022"]
[Site "Terme Catez SLO"]
[Date "2022.04.06"]
[Round "11.69"]
[White "Valsecchi, Alessio"]
[Black "Roebers, Eline"]
[Result "1-0"]
[WhiteTitle "GM"]
[WhiteElo "2524"]
[BlackElo "2331"]
[WhiteFideId "818860"]
[BlackFideId "1058401"]
[EventDate "2022.03.27"]

1. e4 c5 2. Nf3 e6 3. Nc3 Nc6 4. Bb5 Nd4 5. O-O a6 6. Bd3 Nc6 7. b3 d6 8. Bb2
Nf6 9. Re1 g6 10. e5 dxe5 11. Nxe5 Nxe5 12. Rxe5 Bg7 13. Rxc5 Nd7 14. Rc4 Ne5
15. Re4 Nxd3 16. cxd3 O-O 17. Re3 b5 18. Ba3 Re8 19. Ne4 Bb7 20. Rb1 Qd5 21. Qf1
Red8 22. Be7 Rd7 23. Bf6 Rc8 24. Rc1 Rxc1 25. Qxc1 e5 26. Bxg7 Kxg7 27. f3 Rd8
28. Qc5 Qd4 29. Qxd4 exd4 30. Re1 Bxe4 31. dxe4 Rc8 32. Kf2 Rc2 33. Ke2 Rxa2 34.
Rc1 a5 35. Rc5 b4 36. Kd3 Kf6 37. h4 h5 38. g4 Rb2 39. Rxa5 Rxb3+ 40. Kxd4 Rxf3
41. gxh5 gxh5 42. Rxh5 Rh3 43. Rb5 Rxh4 44. Rxb4 Ke6 45. Rb6+ Ke7 46. Kd5 Rh3
47. Rb7+ Ke8 48. d4 Rh6 49. Rc7 Rg6 50. Ke5 Rh6 51. d5 Rh4 52. Kd6 Rh6+ 53. Kc5
Rh1 54. Ra7 Rh4 55. Kc6 1-0

[Event "22nd ch-EUR Indiv 2022"]
[Site "Terme Catez SLO"]
[Date "2022.04.06"]
[Round "11.70"]
[White "Dudin, Gleb"]
[Black "Karsay, Pascal"]
[Result "0-1"]
[WhiteTitle "IM"]
[BlackTitle "FM"]
[WhiteElo "2477"]
[BlackElo "2310"]
[WhiteFideId "34184934"]
[BlackFideId "12953474"]
[EventDate "2022.03.27"]

1. d4 Nf6 2. c4 e6 3. Nf3 d5 4. g3 Be7 5. Bg2 O-O 6. O-O c6 7. Nc3 a5 8. Bf4
dxc4 9. Ne5 Nd5 10. Nxc4 Nd7 11. Rc1 Nxf4 12. gxf4 Qc7 13. e3 Rd8 14. Ne4 Nf6
15. Ng5 h6 16. Ne4 Bd7 17. Kh1 Be8 18. Rg1 c5 19. Ne5 Rac8 20. Nxf6+ Bxf6 21.
Qh5 Qe7 22. dxc5 Rxc5 23. h3 Rd2 24. Qf3 Bxe5 25. fxe5 Rxe5 26. Rc8 Kh7 27. e4
Rc5 28. Qa3 Bc6 29. e5 Qh4 30. Rxc6 Rxc6 31. Bxc6 bxc6 32. Rg2 Qe4 33. Qg3 g5
34. b3 Rd1+ 35. Kh2 Rd3 0-1

[Event "22nd ch-EUR Indiv 2022"]
[Site "Terme Catez SLO"]
[Date "2022.04.06"]
[Round "11.71"]
[White "Kaasen, Tor Fredrik"]
[Black "Van Dael, Siem"]
[Result "1-0"]
[WhiteTitle "IM"]
[BlackTitle "FM"]
[WhiteElo "2460"]
[BlackElo "2307"]
[WhiteFideId "1516647"]
[BlackFideId "1049771"]
[EventDate "2022.03.27"]

1. d4 g6 2. e4 Bg7 3. Nc3 d6 4. Be3 Nf6 5. Qd2 c6 6. Bh6 Bxh6 7. Qxh6 Qa5 8.
O-O-O Ng4 9. Qd2 Nd7 10. Nf3 b5 11. a3 Rb8 12. Kb1 Nb6 13. h3 Nc4 14. Bxc4 bxc4
15. Ka1 Nf6 16. Rhe1 Qb6 17. Rb1 Be6 18. Ng5 O-O 19. f4 d5 20. f5 Bc8 21. e5 Ne8
22. g4 gxf5 23. Nf3 Ng7 24. Qh6 f6 25. gxf5 Bxf5 26. Nh4 Bxh3 27. Rg1 Rf7 28.
Rg3 Be6 29. Na4 Qxd4 30. Rbg1 Kf8 31. Rxg7 Rxg7 32. Qxg7+ Ke8 33. Nf3 1-0

[Event "22nd ch-EUR Indiv 2022"]
[Site "Terme Catez SLO"]
[Date "2022.04.06"]
[Round "11.72"]
[White "Cvitan, Ognjen"]
[Black "Urh, Zala"]
[Result "1/2-1/2"]
[WhiteTitle "GM"]
[BlackTitle "WIM"]
[WhiteElo "2458"]
[BlackElo "2307"]
[WhiteFideId "14500086"]
[BlackFideId "14611481"]
[EventDate "2022.03.27"]

1. d4 Nf6 2. Nf3 g6 3. Bf4 Bg7 4. e3 O-O 5. h3 d6 6. Be2 Nbd7 7. O-O Qe8 8. c4
e5 9. Bh2 Qe7 10. Nc3 c6 11. Rc1 Ne8 12. b4 f5 13. c5 e4 14. cxd6 Nxd6 15. Nd2
Nb6 16. b5 Be6 17. bxc6 bxc6 18. Na4 Bd5 19. Nc3 Be6 20. Na4 Bd5 21. Nc3 g5 22.
Nxd5 1/2-1/2

[Event "22nd ch-EUR Indiv 2022"]
[Site "Terme Catez SLO"]
[Date "2022.04.06"]
[Round "11.73"]
[White "Szwed, Jacek"]
[Black "Barbot, Pierre1"]
[Result "1-0"]
[WhiteTitle "FM"]
[BlackTitle "IM"]
[WhiteElo "2357"]
[BlackElo "2455"]
[WhiteFideId "1126431"]
[BlackFideId "663727"]
[EventDate "2022.03.27"]

1. e4 d6 2. d4 Nf6 3. f3 e5 4. Ne2 Nbd7 5. c4 c6 6. Nbc3 Be7 7. Be3 O-O 8. d5
cxd5 9. cxd5 a6 10. Ng3 Re8 11. a4 Qa5 12. Bd2 Qc5 13. Rc1 Qa7 14. Nf5 Bf8 15.
Be3 Qb8 16. g4 Nc5 17. Ng3 b5 18. axb5 axb5 19. b4 Na4 20. Nxb5 Re7 21. Qc2 Ne8
22. Ra1 Rb7 23. Rxa4 Rxa4 24. Qxa4 Bd7 25. Qa3 Bxb5 26. Bxb5 Rxb5 27. Bd2 Nc7
28. O-O Rb7 29. Ra1 g6 30. Kg2 Rb6 31. Qa7 Qxa7 32. Rxa7 Na6 33. Be3 1-0

[Event "22nd ch-EUR Indiv 2022"]
[Site "Terme Catez SLO"]
[Date "2022.04.06"]
[Round "11.74"]
[White "Maksimovic, Bojan"]
[Black "Royal, Shreyas"]
[Result "1/2-1/2"]
[WhiteTitle "IM"]
[BlackTitle "FM"]
[WhiteElo "2455"]
[BlackElo "2296"]
[WhiteFideId "14408120"]
[BlackFideId "448869"]
[EventDate "2022.03.27"]

1. e4 e5 2. Nf3 Nc6 3. Bb5 a6 4. Ba4 Nf6 5. O-O Be7 6. Re1 b5 7. Bb3 d6 8. c3
O-O 9. h3 Nb8 10. d4 Nbd7 11. c4 Bb7 12. Nc3 c6 13. a3 Qc7 14. Be3 Rad8 15. Rc1
Qb8 16. Qc2 Rfe8 17. dxe5 Nxe5 18. Nxe5 dxe5 19. c5 Nd7 20. Ne2 Bc8 21. Rcd1 Nf8
22. Nc1 Be6 23. Qc3 Bxb3 24. Nxb3 Ne6 25. Qa5 Qc8 26. Kh2 f6 27. Qc3 Rxd1 28.
Rxd1 Rd8 29. Rd3 Rxd3 30. Qxd3 Qd8 31. Qxd8+ Bxd8 32. Nc1 a5 33. Nd3 a4 34. g3
g5 35. Kg2 Be7 36. Kf3 Kf7 37. Ke2 Ke8 38. Kd1 Kd7 39. Kc2 Kc7 40. b3 axb3+ 41.
Kxb3 Kb7 42. a4 bxa4+ 43. Kxa4 Bf8 44. Kb4 Be7 45. Kc4 Bf8 46. Ne1 Be7 47. Nf3
Ka6 48. h4 h6 49. Nh2 Bf8 50. Ng4 Bg7 51. h5 Kb7 52. Bd2 Ka6 53. Bc3 Kb7 54. Ba5
Ka6 55. Bb6 Kb7 56. Kc3 Ka6 57. Kb4 Kb7 58. Ka5 Nd4 59. Bd8 f5 60. exf5 Nxf5 61.
Bf6 e4 62. Bxg7 Nxg7 63. Nxh6 Nxh5 64. Nf7 e3 65. fxe3 Nxg3 66. Nxg5 Nf5 67. e4
Ne3 68. Kb4 Kc7 69. Nf3 Ng4 70. Kc4 Kd7 71. Kd3 Ke7 72. Nd4 Ne5+ 73. Ke3 Kf6 74.
Nf3 Ng6 75. Nh2 Kg5 76. Nf3+ Kf6 77. Kd3 Nf4+ 78. Kd4 Ke6 79. Kc4 Ng6 80. Kb4
Ne5 81. Nd4+ Kf6 82. Nf5 Kg5 83. Nd4 Kf4 84. Nxc6 1/2-1/2

[Event "22nd ch-EUR Indiv 2022"]
[Site "Terme Catez SLO"]
[Date "2022.04.06"]
[Round "11.75"]
[White "Levin, Guy"]
[Black "Neverov, Valeriy"]
[Result "1/2-1/2"]
[WhiteTitle "FM"]
[BlackTitle "GM"]
[WhiteElo "2332"]
[BlackElo "2453"]
[WhiteFideId "2824213"]
[BlackFideId "14100150"]
[EventDate "2022.03.27"]

1. c4 f5 2. b3 e5 3. Bb2 Nc6 4. e3 Nf6 5. Nc3 g6 6. d4 exd4 7. exd4 Bg7 8. Nf3
O-O 9. Be2 d6 10. d5 Ne4 11. Qc1 Nd4 12. Nxd4 Bxd4 13. Nxe4 Bxb2 14. Qxb2 fxe4
15. O-O Qg5 16. Qc3 Bd7 17. Rae1 Rae8 18. Bd1 c6 19. dxc6 bxc6 20. Qe3 Qxe3 21.
fxe3 Rxf1+ 22. Rxf1 Kg7 23. Rf2 Be6 24. Rd2 d5 25. Be2 Kf6 26. c5 Ke5 27. Rd4
Rf8 28. h4 Rf7 29. Ba6 h6 30. b4 g5 31. hxg5 hxg5 32. a4 Rc7 33. Kf2 Bc8 34. Be2
a5 35. b5 cxb5 36. axb5 Rxc5 37. Ra4 Rc2 38. Ke1 Rb2 39. Rxa5 Bd7 40. Bf1 Rb1+
41. Kf2 Rb2+ 42. Ke1 Kd6 43. Be2 Kc5 44. b6+ Kd6 45. Ra8 Bc6 46. Rg8 Rxb6 47.
Rxg5 Rb1+ 48. Kd2 Rb2+ 49. Ke1 Kc5 50. Rf5 Bb5 51. Bxb5 Rxb5 52. g4 Kc4 53. Kf2
Kd3 54. g5 Rb2+ 55. Kg3 d4 56. exd4 e3 57. d5 Ke4 58. Rf4+ Kxd5 59. Kf3 e2 60.
Kf2 1/2-1/2

[Event "22nd ch-EUR Indiv 2022"]
[Site "Terme Catez SLO"]
[Date "2022.04.06"]
[Round "11.76"]
[White "Kosakowski, Jakub"]
[Black "Dalaud, Dorian"]
[Result "1/2-1/2"]
[WhiteTitle "IM"]
[BlackTitle "FM"]
[WhiteElo "2452"]
[BlackElo "2293"]
[WhiteFideId "1185080"]
[BlackFideId "36093270"]
[EventDate "2022.03.27"]

1. Nf3 Nf6 2. b3 g6 3. Bb2 Bg7 4. e3 c5 5. d4 cxd4 6. Nxd4 O-O 7. c4 d5 8. Nd2
e5 9. N4f3 d4 10. c5 dxe3 11. fxe3 e4 12. Nd4 Ng4 13. Nc4 Qg5 14. Qd2 Nxh2 15.
Rxh2 Qg3+ 16. Qf2 Qxh2 17. Nd6 Be6 18. Nxe4 Qe5 19. Bd3 Bf5 20. Qh4 Bxe4 21.
Bxe4 Qxc5 22. Ke2 Nc6 23. Nxc6 bxc6 24. Rh1 h5 25. Rc1 Qb5+ 26. Bd3 Qd5 27. Be4
Qb5+ 28. Bd3 Qd5 29. Be4 Qd8 30. Qxd8 Rfxd8 31. Ba3 Rac8 32. Bxc6 Bf8 33. Bxf8
Kxf8 34. b4 Rd6 35. b5 Ke7 36. a4 Kd8 37. e4 f6 38. Ke3 Rcxc6 39. Rxc6 Rxc6 40.
bxc6 Kc7 41. e5 fxe5 42. Ke4 Kxc6 43. Kxe5 a5 44. Kf6 Kc5 45. Kxg6 Kb4 46. Kxh5
Kxa4 47. g4 Kb5 1/2-1/2

[Event "22nd ch-EUR Indiv 2022"]
[Site "Terme Catez SLO"]
[Date "2022.04.06"]
[Round "11.77"]
[White "Gorshtein, Ido"]
[Black "Palczert, Matyas"]
[Result "1-0"]
[WhiteTitle "IM"]
[WhiteElo "2445"]
[BlackElo "2284"]
[WhiteFideId "2815532"]
[BlackFideId "784958"]
[EventDate "2022.03.27"]

1. Nf3 Nf6 2. c4 e6 3. g3 d5 4. d4 Be7 5. Bg2 O-O 6. O-O dxc4 7. Qc2 b5 8. a4 b4
9. Ne5 Nd5 10. Nd2 Bb7 11. Ndxc4 a5 12. Rd1 f6 13. Nd3 Nc6 14. Nf4 Nxf4 15. Bxf4
Qe8 16. d5 Nd8 17. Bxc7 Bxd5 18. Rxd5 exd5 19. Bxd5+ Nf7 20. Bxa8 Qxa8 21. Nb6
Qb7 22. Rc1 Bd8 23. Qc6 Qxc6 24. Rxc6 Bxc7 25. Rxc7 Rd8 26. Nc4 Ne5 27. Nxe5
fxe5 28. Rc5 e4 29. Rxa5 Rd1+ 30. Kg2 Rd2 31. e3 Rxb2 32. Re5 Ra2 33. a5 b3 34.
Rxe4 Rxa5 35. Rb4 Ra3 36. Rb7 Kf8 37. g4 h6 38. h4 g6 39. Rb6 Kg7 40. Kf3 Kh7
41. Rb7+ Kg8 42. Kf4 Ra2 43. f3 b2 44. e4 Kf8 45. h5 g5+ 46. Kf5 Ra3 47. Rxb2
Rxf3+ 48. Kg6 Rg3 49. Rb8+ Ke7 50. Kxh6 Rxg4 51. Kg7 Rxe4 52. h6 g4 53. h7 g3
54. Rb7+ Ke6 55. h8=Q Rg4+ 56. Kf8 g2 57. Re7+ 1-0